<?xml version="1.0" encoding="UTF-8"?>
<record
    xmlns:xsi="http://www.w3.org/2001/XMLSchema-instance"
    xsi:schemaLocation="http://www.loc.gov/MARC21/slim http://www.loc.gov/standards/marcxml/schema/MARC21slim.xsd"
    xmlns="http://www.loc.gov/MARC21/slim">

  <leader>01655nam a22003017a 4500</leader>
  <controlfield tag="005">20230830091808.0</controlfield>
  <controlfield tag="008">230827b           ||||| |||| 00| 0 eng d</controlfield>
  <datafield tag="020" ind1=" " ind2=" ">
    <subfield code="a">9780787988258</subfield>
  </datafield>
  <datafield tag="040" ind1=" " ind2=" ">
    <subfield code="a">WIUC - GH</subfield>
    <subfield code="c">WIUC - GH</subfield>
  </datafield>
  <datafield tag="050" ind1=" " ind2=" ">
    <subfield code="a">LC5805.P35</subfield>
  </datafield>
  <datafield tag="082" ind1=" " ind2=" ">
    <subfield code="2">dc22</subfield>
    <subfield code="a">378.1'75</subfield>
  </datafield>
  <datafield tag="100" ind1=" " ind2=" ">
    <subfield code="a">Palloff, Rena M.</subfield>
    <subfield code="9">2295</subfield>
  </datafield>
  <datafield tag="245" ind1=" " ind2=" ">
    <subfield code="a">Building online learning communities : effective strategies for the virtual classroom. /</subfield>
    <subfield code="c">Rena M. Palloff, Keith Pratt</subfield>
  </datafield>
  <datafield tag="250" ind1=" " ind2=" ">
    <subfield code="a">2nd ed.</subfield>
  </datafield>
  <datafield tag="260" ind1=" " ind2=" ">
    <subfield code="a">San Francisco, CA. :</subfield>
    <subfield code="b">Wiley,</subfield>
    <subfield code="c">2007.</subfield>
  </datafield>
  <datafield tag="300" ind1=" " ind2=" ">
    <subfield code="a">xxiv, 292 p. :</subfield>
    <subfield code="b">ill. ;</subfield>
  </datafield>
  <datafield tag="500" ind1=" " ind2=" ">
    <subfield code="a">Includes bibliographical references, appendix and index
Prev ed.: Building learning communities in cyberspace</subfield>
  </datafield>
  <datafield tag="505" ind1=" " ind2=" ">
    <subfield code="a">Contents:  The learning community in online learning -- When teaching and learning leave the classroom -- Recontextualizing -community -- The human side of online learning -- Practical considerations in online learning -- Managing the relationship to technology -- Moving teaching and learning online -- Teaching and learning in the virtual learning community -- Building foundations -- Promoting collaborative learning -- Transformative learning -- Student assessment and course evaluation -- Lessons learned and a look ahead.</subfield>
  </datafield>
  <datafield tag="650" ind1=" " ind2=" ">
    <subfield code="a">Distance education - United States</subfield>
    <subfield code="9">2296</subfield>
  </datafield>
  <datafield tag="650" ind1=" " ind2=" ">
    <subfield code="a">College teaching -United States -Data processing</subfield>
    <subfield code="9">2297</subfield>
  </datafield>
  <datafield tag="650" ind1=" " ind2=" ">
    <subfield code="a">Computer-assisted instruction -United States</subfield>
    <subfield code="9">2298</subfield>
  </datafield>
  <datafield tag="650" ind1=" " ind2=" ">
    <subfield code="a">I.Pratt,Keith</subfield>
    <subfield code="9">2299</subfield>
  </datafield>
  <datafield tag="650" ind1=" " ind2=" ">
    <subfield code="a">II. Palloff, Rena M.</subfield>
    <subfield code="9">2300</subfield>
  </datafield>
  <datafield tag="650" ind1=" " ind2=" ">
    <subfield code="a">Buillding learning communities in cyberspace</subfield>
    <subfield code="9">2301</subfield>
  </datafield>
  <datafield tag="650" ind1=" " ind2=" ">
    <subfield code="a">III. Title</subfield>
    <subfield code="9">2290</subfield>
  </datafield>
  <datafield tag="700" ind1=" " ind2=" ">
    <subfield code="a">Pratt, Keith</subfield>
    <subfield code="9">2302</subfield>
  </datafield>
  <datafield tag="942" ind1=" " ind2=" ">
    <subfield code="2">lcc</subfield>
    <subfield code="c">BK</subfield>
  </datafield>
  <datafield tag="999" ind1=" " ind2=" ">
    <subfield code="c">10013</subfield>
    <subfield code="d">17513</subfield>
  </datafield>
  <datafield tag="952" ind1=" " ind2=" ">
    <subfield code="0">0</subfield>
    <subfield code="1">0</subfield>
    <subfield code="2">lcc</subfield>
    <subfield code="4">0</subfield>
    <subfield code="7">0</subfield>
    <subfield code="a">WIUC-KL</subfield>
    <subfield code="b">WIUC-KL</subfield>
    <subfield code="c">GEN</subfield>
    <subfield code="d">2023-03-21</subfield>
    <subfield code="o">LC5805.P35(2e)</subfield>
    <subfield code="p">K/3198/0296/23</subfield>
    <subfield code="r">2023-08-27 00:00:00</subfield>
    <subfield code="w">2023-08-27</subfield>
    <subfield code="y">BK</subfield>
  </datafield>
</record>
